000 00301nam a22001337a 4500
008 171101b xxu||||| |||| 00| 0 eng d
020 _a012223345
041 _aeng
080 _a339
100 _a59
101 _aTRE
245 _aSECURITY MARKETS STOCHASTIC MODEL
_cDUFFIE.D
942 _2udc
_cBK
999 _c37049
_d37049